| 000 | 01192nam a2200217Ia 4500 | ||
|---|---|---|---|
| 003 | Ost | ||
| 005 | 20260507075800.0 | ||
| 008 | 260507s9999||||xx |||||||||||||| ||und|| | ||
| 020 | _a9789969537918 | ||
| 040 | _cfsecg | ||
| 041 | _aara | ||
| 082 | _a330.15 | ||
| 100 |
_aشطيبي، رقية _eمؤلف |
||
| 245 | 0 |
_aالتحليل المالي / _c رقية شطيبي |
|
| 260 |
_a[دون مكان]: _bدار إيلياء للنشر والتوزيع, |
||
| 300 |
_a233 صفحة؛ _bإيضاحات ؛ _c24 سم |
||
| 504 | _aمراجع ص. 229 - 233 | ||
| 520 | _aيتحدث الكتاب : عموميات حول التحليل المالي، أدوات التحليل المالي، دراسة و تحليل الميزانية، التحليل المالي في الأجل الطويل ، دراسة و تحليل حسابات النتائج، دراسة و تحليل التدفقات النقدية، دراسة و تحليل جدول تغيرات الأموال الخاصة المؤشرات و النسب المالية الأكثر دلالة، حالات عملية شاملة حول التحليل المالي | ||
| 653 | _aالتحليل المالي | ||
| 942 | _cكتاب | ||
| 999 |
_c46261 _d46261 |
||